00722nam a22002177a 450000500170000001000130001702000220003003500130005203700170006504000120008208200130009410000220010724500920012926000470022127000550026830000250032350000710034865000500041965000160046970000190048520170124110040.0 aA-679783 c00.00a0195633911 aA-679783 bCen Lib/ Ret aDPLbEN a841bKHU aKhurshidul Islam  aThree mughal poets :cby Khurshidul Islam [and] Ralph Russell bmir, sauda, mir hasan / aNew Delhi bOxford University Press c1994 aYMCA building, jai singh road bNew Delhi e110001 axiv, 290p.c21cm(Hb) aIncludes appendix, glossary, bibliographical references and index  aSaudā, Mirzā Muḥammad Rafiʻ, 1713-1781 aUrdu poetry aRussell, Ralph